Método de la ruta crítica y sus aplicaciones a la construcción

Bibliographic Details
Main Author: Antill, James M.
Format: Section = Libro
Language:Undetermined
Spanish
Published: México Limusa 1990
Subjects:
LEADER 00713nam a2200217Ia 4500
008 240829s9999 xx 000 0 und d
020 |a 968-18-0450-3 
040 |a BIBLIOTECA-RUPAP 690 A629 
041 |a spa 
082 |a 690 A629 
100 1 |a Antill, James M.  
245 1 0 |a Método de la ruta crítica y sus aplicaciones a la construcción 
260 |a México  |b Limusa  |c 1990 
300 |a 315 p. :il. 
650 7 |a CONSTRUCCION - METODO - RUTA CRITICA 
650 7 |b  CALCULOS DE REDES - RUTA CRITICA 
650 7 |c  PLANEACION PRACTICA - METODO - RUTA CRITICA 
650 7 |d  CONTROL DE PROYECTO - METODO RUTA CRITICA I. Woodhead, Ronald W, coaut. II. Tít. 
942 |c BK  |2 ddc 
991 |a TEXTO 
999 |c 9046